Mixed Word: Paris Attractions Quiz Stats

Quiz not verified by Sporcle

Challenge
Share
Tweet
Embed
Score 0/20 Timer 08:00
0 Plays Today
Mixed Word Paris Attraction % Correct
LIFFEE TROWEEIFFEL TOWER
86%
REVOLULOUVRE
80.5%
TONER MEADNOTRE DAME
77.1%
CAR ED HEIMPORTARC DE TRIOMPHE
65.8%
MASHPC-SÉÉLEYSCHAMPS-ÉLYSÉES
59.6%
NEONPATHPANTHÉON
55.3%
APLACE FO LASERLIVESPALACE OF VERSAILLES
51.8%
ÉSUME S'ROADYMUSÉE D'ORSAY
49.5%
DARINJ UD ROUXBELGUMJARDIN DU LUXEMBOURG
49.5%
DATES ED RECFANSTADE DE FRANCE
45.5%
Mixed Word Paris Attraction % Correct
GNARD LAPSIAGRAND PALAIS
44.4%
DARINJ EDS PLANETSJARDIN DES PLANTES
33.3%
RECENT ESOGGER PUPMOODICENTRE GEORGES POMPIDOU
32%
EQUALIBIS UD CARÉS-ROUCEBASILIQUE DU SACRÉ-COEUR
28.2%
SÉEMU SED TARS TE SIRMEÉTMUSÉE DES ARTS ET MÉTIERS
26.7%
CABMASCOTCATACOMBS
20.5%
ALAPSI REARINGPALAIS GARNIER
15.3%
GEEICONICERRCONCIERGERIE
13.2%
CRAP ÉXTRAISPARC ASTÉRIX
12.4%
DEADLYINNSDISNEYLAND
10.7%

You're not logged in!

Compare scores with friends on all Sporcle quizzes.
Sign Up with Email
OR
Log In

You Might Also Like...

Show Comments

Extras

Top Quizzes Today


Score Distribution

Your Account Isn't Verified!

In order to create a playlist on Sporcle, you need to verify the email address you used during registration. Go to your Sporcle Settings to finish the process.